Land, people, and economy in Malaya / (Record no. 23216)
[ view plain ]
| 000 -LEADER | |
|---|---|
| fixed length control field | 00745nam a22002651 4500 |
| 001 - CONTROL NUMBER | |
| control field | 23216 |
| 003 - CONTROL NUMBER IDENTIFIER | |
| rucl marc code | BD-RjUL |
| 005 - DATE AND TIME OF LATEST TRANSACTION | |
| control field | 20211209000915.0 |
| 008 - FIXED-LENGTH DATA ELEMENTS--GENERAL INFORMATION | |
| fixed length control field | 140310r19671963enkbf b 001 0 eng |
| 035 ## - SYSTEM CONTROL NUMBER | |
| System control number | (BD-RjUL)23281 |
| System control number | (OCoLC)412610 |
| 040 ## - CATALOGING SOURCE | |
| Original cataloging agency | DLC |
| Transcribing agency | ODaWU |
| Modifying agency | BD-RjUL |
| Language of cataloging | eng |
| 041 ## - LANGUAGE CODE | |
| Language code of text/sound track or separate title | eng |
| 082 ## - DEWEY DECIMAL CLASSIFICATION NUMBER | |
| Classification number | 919.1 |
| Author mark and year | JIL 1967 |
| 100 1# - MAIN ENTRY--PERSONAL NAME | |
| Personal name | Jin-Bee, Ooi. |
| 9 (RLIN) | 71563 |
| 245 10 - TITLE STATEMENT | |
| Title | Land, people, and economy in Malaya / |
| Statement of responsibility, etc. | Jin-Bee Ooi. |
| 260 ## - PUBLICATION, DISTRIBUTION, ETC. (IMPRINT) | |
| Place of publication, distribution, etc. | London : |
| Name of publisher, distributor, etc. | Longmans, |
| Date of publication, distribution, etc. | c1963 [reprint 1967]. |
| 300 ## - PHYSICAL DESCRIPTION | |
| Pagination | xix, 426 p. : |
| Illustrations | ill. ; |
| Size | 22 cm. |
| 490 ## - SERIES STATEMENT | |
| Series statement | Geographies for advanced study |
| 504 ## - BIBLIOGRAPHY, ETC. NOTE | |
| Bibliography, etc | Include bibliography and index. |
| 651 #0 - SUBJECT ADDED ENTRY--GEOGRAPHIC NAME | |
| Geographic name | Malaysia. |
| 9 (RLIN) | 71564 |
| 942 ## - ADDED ENTRY ELEMENTS (KOHA) | |
| Source of classification or shelving scheme | Dewey Decimal Classification |
| Koha item type | Books |
| Lost status | Source of classification or shelving scheme | Damaged status | Not for loan | Collection code | Permanent Location | Current Location | Shelving location | Date acquired | Source of acquisition | Cost, normal purchase price | Total Checkouts | Full call number | Date last seen | Copy number | Koha item type |
|---|---|---|---|---|---|---|---|---|---|---|---|---|---|---|---|
| Dewey Decimal Classification | Non-fiction | Central Library, University of Rajshahi | Central Library, University of Rajshahi | 18/11/1968 | Zetlinger | 47.60 | 919.1 JIL 1967 | 10/03/2014 | C-4 | Books | |||||
| Dewey Decimal Classification | Non-fiction | Central Library, University of Rajshahi | Central Library, University of Rajshahi | 27/11/1967 | Zeitlinger | 47.60 | 919.1 JIL 1964 | 11/03/2014 | C-3 | Books | |||||
| Dewey Decimal Classification | Non-fiction | Central Library, University of Rajshahi | Central Library, University of Rajshahi | 18/11/1968 | Zitlinger | 47.60 | 919.1 JIL 1967 | 12/03/2014 | C-5 | Books | |||||
| Dewey Decimal Classification | Non-fiction | Central Library, University of Rajshahi | Central Library, University of Rajshahi | 11/04/1967 | Paramount. | 33.75 | 919.1 JIL 1963 | 12/03/2014 | C-2 | Books |